| 000 | 00490 a2200169 4500 | ||
|---|---|---|---|
| 005 | 20260413114232.0 | ||
| 008 | 260413b |||||||| |||| 00| 0 eng d | ||
| 020 | _a9789360801458 | ||
| 040 | _cSDCL | ||
| 041 |
_2eng _aeng |
||
| 084 | _aO8451:g R5 | ||
| 245 | _aUrdu and Indo-Persian thought, poetics, and Belles lettres | ||
| 260 |
_aNew Delhi : _bManohar Publishers & Distributors, _c2025. |
||
| 300 | _axiii, 277p. | ||
| 700 |
_aKorangy, Alireza ed. _91234725 |
||
| 942 |
_cTEXL _2CC |
||
| 999 |
_c1847979 _d1847979 |
||